02276cam a2200493 i 4500001001200000003000600012005001700018008004100035020004800076035002200124035002300146040007000169045001700239046000900256100005100265245023700316260011100553300006200664336002700726337005400753338002800807380001600835380002300851388001000874490003500884504004600919610002400965610006100989648002601050648002601076650002001102650003201122651004401154655002801198658001301226658002801239710014201267710011301409830004001522920005001562942001501612999001701627952013801644xx004952987NUKAT20260429122510.0200923s2020 pl a |001 0 pol c a9788380989771q(oprawa twarda) :czł 50,00 a(OCoLC)1241630292 a(NUKAT)xx004952987 aKAT U/JPbpolerdacKAT U/JPsdKAT U/JPdKR 253/MDdOLSZT 008/bak2 bd1945bd1956 k20201 aNoszczak, Bartłomiejd(1976- ).eAutor91751210aZa klasztorną furtą :bmigawki z życia i działalności jezuitów w Warszawie (1945-1956) /cBartłomiej Noszczak ; Instytut Pamięci Narodowej. Komisja Ścigania Zbrodni przeciwko Narodowi Polskiemu. Oddział w Warszawie. aWarszawa :bInstytut Pamięci Narodowej - Komisja Ścigania Zbrodni przeciwko Narodowi Polskiemu,c2020. a511, [1] strona, [40] ston tablic :bilustracje ;c25 cm. aTekstbtxt2rdacontent aBez urządzenia pośredniczącegobn2rdamedia aWoluminbnc2rdacarrier aKsiążki aPublikacje naukowe1 a2001-1 aWarszawa Nie?Pokonana ;vt. 23 aBibliografia na stronach 485-496. Indeks.27aJezuici2DBN93609827aSocietas JesuzPolskazWarszaway1945-1970.2kaba940865 7a1901-20002DBN934996 7a1945-19892DBN936043 7aPRL2DBN935084 7aZakony męskie2DBN940866 7aWarszawa (woj. mazowieckie)2DBN937253 7aOpracowanie2DBN935024 aHistoria aReligia i duchowość2 aInstytut Pamięci Narodowej - Komisja Ścigania Zbrodni przeciwko Narodowi Polskiemu.bOddział (Warszawa).eInstytucja sprawcza9131382 aInstytut Pamięci Narodowej - Komisja Ścigania Zbrodni przeciwko Narodowi Polskiemu.eWydawca4pbl911792 0aWarszawa Nie?Pokonanavt. 23914501 a978-83-8098-977-1 (oprawa twarda) : zł 50,00 2ddccBK_NM c27865d27865 00102ddc40708K_magaBIPbBIPd2020-11-30eD-36/2020fDg50.00i59968l0o59968pIPWK24072r2026-04-29 12:25:55w2026-04-29yBK_NM